Statistics for Sports Terms Quiz #3

Click here to take the quiz!

General Stats

  • This quiz has been taken 10,576 times
  • The average score is 11 of 20

Answer Stats

SportDefinitionTerm% Correct
GolfOne under par for a holeBirdie
85%
Ice HockeyThree goals in a gameHat Trick
82%
TennisServe that wins a point, and is not touched by the returnerAce
79%
BowlingThree strikes in a rowTurkey
77%
BasketballA shot that misses the rim and backboardAir Ball
76%
GolfWhat the winner of the Masters wearsGreen Jacket
74%
American FootballTo rush the quarterback with more than 4 playersBlitz
73%
TennisZero points in a gameLove
73%
BasketballPass caught in the air and dunkedAlley-oop
72%
American FootballWhen a player is tackled in his own end zoneSafety
72%
TennisStroke in which the ball is hit high above the netLob
47%
Pocket BilliardsTo hit the cue ball into a pocketScratch
46%
SoccerDemotion of a team to a lower leagueRelegation
45%
SoccerGame-winning extra time goalGolden Goal
42%
CricketPerson who delivers the ball towards the batsmanBowler
40%
CyclingThe main group of riders in a road racePeloton
35%
CricketAn individual score of 100 runsCentury
32%
DivingDiving position with straight legs but bent hipsPike
31%
Pocket BilliardsWhat the cue stick rests on before a shot (usually the player's hand)Bridge
20%
VolleyballWhen the serving team loses a rallySide Out
16%

Score Distribution

Percentile by Number Answered

Percent of People with Each Score

Your Score History

You have not taken this quiz